01731nam a22003617a 4500003000900000005001700009008004100026020001800067020001500085040004300100082002300143245024500166246003300411264006000444264001000504300005100514336002600565337002800591338002700619500002100646500002400667505028300691650004000974650002401014650004401038651001001082653004201092655002401134700003801158942001201196999001701208952014401225EG-ScBUE20220911095950.0150707t2010 enkbo f d 001 0 eng d a9780857231048 a0857231049 aEG-ScBUEbengerdacEG-ScBUEdEG-ScBUE04a709.17671bCOM22204aThe complete illustrated guide to Islamic art and architecture : ba comprehensive history of Islam's 1,400-year legacy of art and design, with 500 photographs, reproductions and fine-art paintings / cconsultant Moya Carey [and six others]30aIslamic art and architecture 1aLondon :bHermes House / Anness Puplishing Ltd,c[2010] 4cc2010 a256 pages :bcolor maps, photographs ; c30 cm 2rdacontentatextbtxt 2rdamediaaunmediatedbn 2rdacarrieravolumebnc aIncludes index.  aIncludes glossary.  aan exploration of the riches of a unique and vibrant cultural heritage-- a survey of artistic achievements, from ornate mosques and pottery to calligraphy, carpets and costume-- features architectural wonders, from the 7th-century Dome of the Rock to today's Dubai skyscrapers.  7aIslamic architecture.2BUEsh911604 7aIslamic art.2BUEsh 7aIslamic decoration and ornament.2BUEsh 2BUEsh bENGGENbENGARCcJuly2015cJanuary2016 vReading book9342321 aCarey, Moya,econsultant. 936647 2ddccBB c20279d20251 00102ddc40708BaccahaMAINbMAINc2NDd2015-07-07ePurchaseg213.00h21761l0o709.17671 COMp000039464r2025-07-15 00:00:00v266.00yNB